000 00813nam a22002535i 4500
001 67052
003 ES-MaACL
005 20250827050306.0
007 t|
008 921217s1992 sp ||||0| spa d
020 _a84-00-07312-6
040 _aM-BN
_bspa
_cM-BN
080 _a910.4(=1.450:460.27 M.)"17"
080 _a914.602.7 M."17"
100 1 _aMarotta Peramos, Mirella.
_976968
245 1 0 _aRecuerdos italianos en Madrid /
_cMirella Marotta Páramo.
260 _a[Madrid] :
_bInstituto de Estudios Madrileños,
_c1992.
300 _a38 p., [7] p. de lám ;
_c21 cm.
650 1 4 _aViajeros italianos-
_zMadrid
_917777
651 4 _aMadrid-
_xDescripción-
_yS.XVIII.
_98957
710 2 _aInstituto de Estudios Madrileños
_94916
852 _aES-MaACL
_j2171-F-9
_bR.121142
999 _c67052
_d67052